| 000 | 00363cam a2200145ua 4500 | ||
|---|---|---|---|
| 003 | OSt | ||
| 008 | 221105b |||||||| |||| 00| 0 eng d | ||
| 041 | _aeng | ||
| 082 |
_a330.1 _bMAR/EL |
||
| 100 |
_aMarshall, Alfred. _95294 |
||
| 245 | _aelements of economics | ||
| 260 |
_aMelbourne : _bMacMillan and Company Limited , _c1964. |
||
| 300 | _a440 ; . | ||
| 942 | _cBK | ||
| 999 |
_c1334 _d1334 |
||